Rendhagyó filozófiaóra
Elmentve itt :
| Szerző: | |
|---|---|
| Dokumentumtípus: | Cikk |
| Megjelent: |
1995
|
| Sorozat: | Iskolakultúra
5 No. 20-21 |
| Kulcsszavak: | Filozófia |
| Online Access: | http://misc.bibl.u-szeged.hu/44842 |
| LEADER | 00572nab a2200181 i 4500 | ||
|---|---|---|---|
| 001 | misc44842 | ||
| 005 | 20191106141102.0 | ||
| 008 | 181009s1995 hu o 0|| zxx d | ||
| 022 | |a 1215-5233 | ||
| 040 | |a SZTE Miscellanea Repozitórium |b hun | ||
| 041 | |a zxx | ||
| 100 | 1 | |a Fáy László | |
| 245 | 1 | 0 | |a Rendhagyó filozófiaóra |h [elektronikus dokumentum] / |c Fáy László |
| 260 | |c 1995 | ||
| 300 | |a 7-21 | ||
| 490 | 0 | |a Iskolakultúra |v 5 No. 20-21 | |
| 695 | |a Filozófia | ||
| 856 | 4 | 0 | |u http://misc.bibl.u-szeged.hu/44842/1/iskolakultura_1995_020_021_007-021.pdf |z Dokumentum-elérés |